<?xml version="1.0" encoding="UTF-8"?>
<record
    xmlns:xsi="http://www.w3.org/2001/XMLSchema-instance"
    xsi:schemaLocation="http://www.loc.gov/MARC21/slim http://www.loc.gov/standards/marcxml/schema/MARC21slim.xsd"
    xmlns="http://www.loc.gov/MARC21/slim">

  <leader>00400nam a2200157   4500</leader>
  <controlfield tag="008">251216b        |||||||| |||| 00| 0 eng d</controlfield>
  <datafield tag="020" ind1=" " ind2=" ">
    <subfield code="a">9789390727506</subfield>
  </datafield>
  <datafield tag="082" ind1=" " ind2=" ">
    <subfield code="a">005.74 SIL</subfield>
  </datafield>
  <datafield tag="100" ind1=" " ind2=" ">
    <subfield code="a">Silberschatz, Abraham; Korth, Henry F.; Sudarshan S</subfield>
  </datafield>
  <datafield tag="245" ind1=" " ind2=" ">
    <subfield code="a">Database system concepts</subfield>
  </datafield>
  <datafield tag="250" ind1=" " ind2=" ">
    <subfield code="a">7th</subfield>
  </datafield>
  <datafield tag="260" ind1=" " ind2=" ">
    <subfield code="a">Chennai </subfield>
    <subfield code="b">McGraw Hill</subfield>
    <subfield code="c">2021</subfield>
  </datafield>
  <datafield tag="300" ind1=" " ind2=" ">
    <subfield code="a">1344</subfield>
  </datafield>
  <datafield tag="650" ind1=" " ind2=" ">
    <subfield code="a">Bsc-CA</subfield>
  </datafield>
  <datafield tag="942" ind1=" " ind2=" ">
    <subfield code="c">R</subfield>
  </datafield>
  <datafield tag="952" ind1=" " ind2=" ">
    <subfield code="0">0</subfield>
    <subfield code="1">0</subfield>
    <subfield code="2">ddc</subfield>
    <subfield code="4">0</subfield>
    <subfield code="6">005_740000000000000_SIL</subfield>
    <subfield code="7">0</subfield>
    <subfield code="8">UG</subfield>
    <subfield code="9">89622</subfield>
    <subfield code="a">SCA</subfield>
    <subfield code="b">SCA</subfield>
    <subfield code="c">BCA</subfield>
    <subfield code="d">2025-12-16</subfield>
    <subfield code="e">AO Enterprises</subfield>
    <subfield code="g">1199.00</subfield>
    <subfield code="l">0</subfield>
    <subfield code="o">005.74 SIL</subfield>
    <subfield code="p">CA1404</subfield>
    <subfield code="r">2025-12-16</subfield>
    <subfield code="y">R</subfield>
    <subfield code="z">Rack No.R12 Shelf No.11 </subfield>
  </datafield>
  <datafield tag="952" ind1=" " ind2=" ">
    <subfield code="0">0</subfield>
    <subfield code="1">0</subfield>
    <subfield code="2">ddc</subfield>
    <subfield code="4">0</subfield>
    <subfield code="6">005_740000000000000_SIL</subfield>
    <subfield code="7">0</subfield>
    <subfield code="8">UG</subfield>
    <subfield code="9">89623</subfield>
    <subfield code="a">SCA</subfield>
    <subfield code="b">SCA</subfield>
    <subfield code="c">BCA</subfield>
    <subfield code="d">2025-12-16</subfield>
    <subfield code="e">AO Enterprises</subfield>
    <subfield code="g">1199.00</subfield>
    <subfield code="l">0</subfield>
    <subfield code="o">005.74 SIL</subfield>
    <subfield code="p">CA1405</subfield>
    <subfield code="r">2025-12-16</subfield>
    <subfield code="y">CR</subfield>
    <subfield code="z">Rack No.C10 Shelf No.09</subfield>
  </datafield>
  <datafield tag="952" ind1=" " ind2=" ">
    <subfield code="0">0</subfield>
    <subfield code="1">0</subfield>
    <subfield code="2">ddc</subfield>
    <subfield code="4">0</subfield>
    <subfield code="6">005_740000000000000_SIL</subfield>
    <subfield code="7">0</subfield>
    <subfield code="8">UG</subfield>
    <subfield code="9">89628</subfield>
    <subfield code="a">SCA</subfield>
    <subfield code="b">SCA</subfield>
    <subfield code="c">BCA</subfield>
    <subfield code="d">2025-12-16</subfield>
    <subfield code="e">AO Enterprises</subfield>
    <subfield code="g">1260.00</subfield>
    <subfield code="l">0</subfield>
    <subfield code="o">005.74 SIL</subfield>
    <subfield code="p">CA1394</subfield>
    <subfield code="r">2025-12-16</subfield>
    <subfield code="y">R</subfield>
    <subfield code="z">Rack No.R12 Shelf No.11</subfield>
  </datafield>
  <datafield tag="952" ind1=" " ind2=" ">
    <subfield code="0">0</subfield>
    <subfield code="1">0</subfield>
    <subfield code="2">ddc</subfield>
    <subfield code="4">0</subfield>
    <subfield code="6">005_740000000000000_SIL</subfield>
    <subfield code="7">0</subfield>
    <subfield code="8">UG</subfield>
    <subfield code="9">89629</subfield>
    <subfield code="a">SCA</subfield>
    <subfield code="b">SCA</subfield>
    <subfield code="c">BCA</subfield>
    <subfield code="d">2025-12-16</subfield>
    <subfield code="e">AO Enterprises</subfield>
    <subfield code="g">1260.00</subfield>
    <subfield code="l">0</subfield>
    <subfield code="o">005.74 SIL</subfield>
    <subfield code="p">CA1395</subfield>
    <subfield code="r">2025-12-16</subfield>
    <subfield code="y">CR</subfield>
    <subfield code="z">Rack No.C10 Shelf No.09</subfield>
  </datafield>
  <datafield tag="999" ind1=" " ind2=" ">
    <subfield code="c">64821</subfield>
    <subfield code="d">64821</subfield>
  </datafield>
</record>
